| 000 | 00785nam a22002057a 4500 | ||
|---|---|---|---|
| 999 |
_c13823 _d13823 |
||
| 008 | 190422b ||||| |||| 00| 0 eng d | ||
| 020 | _a9781118419496 | ||
| 082 |
_22014 _aAV-Eb 658.4038 _bS635 |
||
| 100 |
_aSmallwood,Robert F. _938426 |
||
| 245 |
_aInformation governance : _bconcepts, strategies, and best practices / _cRobert F. Smallwood |
||
| 260 |
_bJohn Wiley & Sons, Incorporated, _c©2014. |
||
| 300 | _a462 pages; | ||
| 440 |
_aWiley CIO Ser. _938427 |
||
| 500 | _aIncludes index. | ||
| 650 |
_aElectronic records -- Management. _938428 |
||
| 650 |
_aInformation technology -- Management. _938429 |
||
| 650 |
_aManagement information systems. _938430 |
||
| 856 | _yhttps://ebookcentral.proquest.com/lib/uniofmindanao-ebooks/detail.action?docID=1660411 | ||
| 942 |
_2ddc _cEB |
||